<?xml version="1.0" encoding="UTF-8"?>
<record
    xmlns:xsi="http://www.w3.org/2001/XMLSchema-instance"
    xsi:schemaLocation="http://www.loc.gov/MARC21/slim http://www.loc.gov/standards/marcxml/schema/MARC21slim.xsd"
    xmlns="http://www.loc.gov/MARC21/slim">

  <leader>02085nam a2200289   4500</leader>
  <controlfield tag="001">114440</controlfield>
  <controlfield tag="003">DR-UNIBE</controlfield>
  <controlfield tag="005">20260311144152.0</controlfield>
  <controlfield tag="008">260311b2005    dr ||||| |||| 00| 0 spa d</controlfield>
  <datafield tag="040" ind1=" " ind2=" ">
    <subfield code="a">BIBLIOTECA UNIBE</subfield>
    <subfield code="b">spa22</subfield>
    <subfield code="c">BIBLIOTECA UNIBE</subfield>
  </datafield>
  <datafield tag="041" ind1=" " ind2=" ">
    <subfield code="a">spa</subfield>
  </datafield>
  <datafield tag="082" ind1=" " ind2=" ">
    <subfield code="2">22</subfield>
    <subfield code="a">RD 972.93053 C737d 2005</subfield>
  </datafield>
  <datafield tag="245" ind1="0" ind2="0">
    <subfield code="a">Complot develado</subfield>
  </datafield>
  <datafield tag="250" ind1=" " ind2=" ">
    <subfield code="a">Segunda edici&#xF3;n</subfield>
  </datafield>
  <datafield tag="260" ind1=" " ind2=" ">
    <subfield code="a">Santo Domingo :</subfield>
    <subfield code="b">Fundaci&#xF3;n Testimonio, Inc.,</subfield>
    <subfield code="c">2005</subfield>
  </datafield>
  <datafield tag="300" ind1=" " ind2=" ">
    <subfield code="a">364 p&#xE1;ginas :</subfield>
    <subfield code="b">ilustraciones, retratos (blanco y negro) ;</subfield>
    <subfield code="c">23 cm</subfield>
  </datafield>
  <datafield tag="490" ind1=" " ind2=" ">
    <subfield code="a">Fundaci&#xF3;n Testimonio ;</subfield>
    <subfield code="v">1</subfield>
  </datafield>
  <datafield tag="505" ind1="0" ind2=" ">
    <subfield code="a">Pr&#xF3;logo |
Cap&#xED;tulo I. El pat&#xED;bulo insular, 7 --
Cap&#xED;tulo II. La oscura noche sin tregua |
Cap&#xED;tulo III. Entre la espada y el muro |
Cap&#xED;tulo IV. Breve prontuario de un criminal trujillista |
Cap&#xED;tulo V. Colof&#xF3;n |
&#xA1;Complot develado! |
Introducci&#xF3;n |
Qui&#xE9;n es el autor |
Cap&#xED;tulo I. La tumultuosa cuenca del Caribe |
Cap&#xED;tulo II. Primeros trabajos: intervenci&#xF3;n de miembro del clero en la formaci&#xF3;n de los primeros cuadros entre el estudiantado |
Cap&#xED;tulo III. Generalizaci&#xF3;n de movimiento |
Cap&#xED;tulo IV. Contribuci&#xF3;n de personas beneficiarias, pol&#xED;tica y econ&#xF3;micamente, del gobierno en el financiamiento y actividades del movimiento |
Cap&#xED;tulo V. Un aspecto en el movimiento |
Cap&#xED;tulo VI. Contactos con el exterior: la intervenci&#xF3;n extranjera: nueva agresi&#xF3;n de los gobiernos de Cuba y Venezuela |
Cap&#xED;tulo VII. Idea y proyecto de una plataforma pol&#xED;tica |
&#xCD;ndice de nombres
</subfield>
  </datafield>
  <datafield tag="610" ind1="2" ind2="4">
    <subfield code="a">Movimiento Revolucionario 14 de junio (Rep&#xFA;blica Dominicana)</subfield>
    <subfield code="9">203165</subfield>
  </datafield>
  <datafield tag="650" ind1=" " ind2="7">
    <subfield code="2">lemb</subfield>
    <subfield code="a">Actividades clandestinas</subfield>
    <subfield code="z">Rep&#xFA;blica Dominicana</subfield>
    <subfield code="x">Historia</subfield>
    <subfield code="y">Siglo XX</subfield>
    <subfield code="9">203171</subfield>
  </datafield>
  <datafield tag="650" ind1=" " ind2="7">
    <subfield code="2">lemb</subfield>
    <subfield code="a">Movimientos revolucionarios</subfield>
    <subfield code="z">Rep&#xFA;blica Dominicana</subfield>
    <subfield code="9">10455</subfield>
  </datafield>
  <datafield tag="650" ind1=" " ind2="7">
    <subfield code="2">lemb</subfield>
    <subfield code="a">Revolucionarios</subfield>
    <subfield code="z">Rep&#xFA;blica Dominicana</subfield>
    <subfield code="9">10453</subfield>
  </datafield>
  <datafield tag="651" ind1=" " ind2="7">
    <subfield code="2">lemb</subfield>
    <subfield code="a">Rep&#xFA;blica Dominicana</subfield>
    <subfield code="x">Pol&#xED;tica y gobierno</subfield>
    <subfield code="x">Historia</subfield>
    <subfield code="y">Era de Trujillo, 1930-1961</subfield>
    <subfield code="9">203167</subfield>
  </datafield>
  <datafield tag="653" ind1=" " ind2=" ">
    <subfield code="a">Movimiento popular dominicano</subfield>
  </datafield>
  <datafield tag="700" ind1="1" ind2=" ">
    <subfield code="a">Valera Ben&#xED;tez, Rafael,</subfield>
    <subfield code="d">1928-2001</subfield>
    <subfield code="e">prologuista</subfield>
    <subfield code="9">203168</subfield>
  </datafield>
  <datafield tag="942" ind1=" " ind2=" ">
    <subfield code="2">ddc</subfield>
    <subfield code="c">BK</subfield>
  </datafield>
  <datafield tag="999" ind1=" " ind2=" ">
    <subfield code="c">114440</subfield>
    <subfield code="d">114440</subfield>
  </datafield>
  <datafield tag="952" ind1=" " ind2=" ">
    <subfield code="0">0</subfield>
    <subfield code="1">0</subfield>
    <subfield code="2">ddc</subfield>
    <subfield code="7">0</subfield>
    <subfield code="8">GEN-RD</subfield>
    <subfield code="a">Principal</subfield>
    <subfield code="d">2026-01-09</subfield>
    <subfield code="l">0</subfield>
    <subfield code="o">RD 972.93053 C737d_2005</subfield>
    <subfield code="p">260173</subfield>
    <subfield code="r">2026-03-11 14:42:53</subfield>
    <subfield code="t">Ej. 1</subfield>
    <subfield code="w">2026-03-11</subfield>
    <subfield code="y">BK</subfield>
  </datafield>
</record>
